Normal view
MARC view
- Varrall, Geoff,Belcher, Roger
Entry Personal Name
001 - CONTROL NUMBER
- control field: 68917
003 - CONTROL NUMBER IDENTIFIER
- control field: NUST
005 - DATE AND TIME OF LATEST TRANSACTION
- control field: 20210628204136.0
008 - FIXED-LENGTH DATA ELEMENTS
- fixed length control field: 210628|| aca||aabn | a|a d
040 ## - CATALOGING SOURCE
- Original cataloging agency: NUST
- Transcribing agency: NUST
100 ## - HEADING--PERSONAL NAME
- Personal name: Varrall, Geoff,Belcher, Roger
670 ## - SOURCE DATA FOUND
- Source citation: Work cat.: (NUST): Varrall, Geoff,Belcher, Roger, Data over radio data and digital processing techniques in mobile and cellular radio, 1992
